| 000 | 00475nam a22001217a 4500 | ||
|---|---|---|---|
| 090 | _c10325 | ||
| 008 | 081217t xxu||||| |||| 00| 0 eng d | ||
| 082 |
_222 _a621.39 _bOPT |
||
| 245 |
_aOptics in computing 2002 : _b8-11 April, 2002, Taipei, Taiwan / Grand hotel,Taipei, sponsors, National Science council ... [et al.] |
||
| 260 |
_aBellingham, Washington : _b SPIE--The International Society for Optical Engineering, _c2000. |
||
| 300 |
_a411p.: _bill.; |
||
| 942 |
_2ddc _cBB |
||
| 999 |
_c10325 _d10325 |
||